SIMPLIFIED DESIGN (Record no. 547199)
[ view plain ]
| 000 -LEADER | |
|---|---|
| fixed length control field | 00552 a2200169 4500 |
| 020 ## - INTERNATIONAL STANDARD BOOK NUMBER | |
| International Standard Book Number | 0-89312-129-0 |
| 082 ## - DEWEY DECIMAL CLASSIFICATION NUMBER | |
| Classification number | 624.2 ALS |
| Author Mark | N-1,P-89 |
| 090 ## - LOCALLY ASSIGNED LC-TYPE CALL NUMBER (OCLC); LOCAL CALL NUMBER (RLIN) | |
| -- | 3197 |
| -- | 3197 |
| 100 ## - MAIN ENTRY--PERSONAL NAME | |
| Personal name | ALSAMSAM,LYAD M & KAMARA, MAHMOUD |
| 9 (RLIN) | 43377 |
| 245 ## - TITLE STATEMENT | |
| Title | SIMPLIFIED DESIGN |
| Remainder of title | REINFORCED CONCRETE BUILDINGS OF MODERATE SIZE AND HEIGHT |
| 250 ## - EDITION STATEMENT | |
| Edition statement | 3RD ED. |
| 260 ## - PUBLICATION, DISTRIBUTION, ETC. | |
| Place of publication, distribution, etc. | ILLINOIS |
| Name of publisher, distributor, etc. | PORTLAND CEMENT ASSOCIATION |
| Date of publication, distribution, etc. | 2004 |
| 300 ## - PHYSICAL DESCRIPTION | |
| Extent | VARIABLE PAGES |
| Dimensions | 28 CM |
| 500 ## - GENERAL NOTE | |
| General note | REINFORCED CONCRETE |
| 526 ## - STUDY PROGRAM INFORMATION NOTE | |
| Program name | 0 |
| Interest level | 0 |
| Reading level | 0 |
| Title point value | 624_200000000000000_ALS_N1P89 |
| 942 ## - ADDED ENTRY ELEMENTS (KOHA) | |
| Source of classification or shelving scheme | |
| Institution code [OBSOLETE] | MCE |
| Koha item type | |
| Call number prefix | 624.2 ALS |
| Withdrawn status | Lost status | Source of classification or shelving scheme | Damaged status | Not for loan | Permanent Location | Current Location | Date acquired | Total Checkouts | Full call number | Barcode | Date last seen | Price effective from | Koha item type |
|---|---|---|---|---|---|---|---|---|---|---|---|---|---|
| Military College of Engineering (MCE) | Military College of Engineering (MCE) | 07/04/2014 | 624.2 ALS N-1,P-89 | MCE-36573 | 07/04/2014 | 07/04/2014 |
